000 00344nam a2200121Ia 4500
008 190216s9999||||xx |||||||||||||| ||und||
100 _aAllsop R T&Amp;Healey J Ad
245 0 _aChemical Analysis Chromatography And Ion Exchange
260 _bHeinemann Educational Books Ltd
_c1974
300 _a51p
650 _aChemistry-Chemistry
942 _cBK
999 _c2262
_d2262